Logo BPK

Biblioteka

Politechniki Koszalińskiej

Cambridge English for Polish Schools : (Rekord nr 48276)

Szczegóły MARC
000 -ETYKIETA REKORDU
podpole kontrolne o stałej długości 00754nam a2200229 i 4500
001 - NUMER KONTROLNY REKORDU
pole kontrolne bgj
020 ## - MIĘDZYNARODOWY ZNORMALIZOWANY NUMER KSIĄŻKI - ISBN
ISBN 0521588839 (pbk)
040 ## - ŹRÓDŁO KATALOGOWANIA
Instytucja, która utworzyła rekord BPK
041 0# - KOD JĘZYKA
Kod języka tekstu eng
920 ## - Międzynarodowy znormalizowany numer książki – ISBN
ISBN 0-521-58883-9 (pbk)
008 - POLE O STAŁEJ DŁUGOŚCI - DANE KONTROLNE
podpole kontrolne o stałej długości s uk f |000 0 eng
100 1# - NAZWA OSOBOWA
Nazwa osobowa LITTLEJOHN, Andrew
245 10 - TYTUŁ/ODPOWIEDZIALNOŚĆ
Tytuł Cambridge English for Polish Schools :
Ciąg dalszy tytułu student's book three /
Pozostałe elementy strefy tytułu i oznaczenia odpowiedzialności Andrew Littlejohn & Diana Hicks with Małgorzata Szwaj.
260 ## - STREFA ADRESU WYDAWNICZEGO
Miejsce wydania Cambridge :
Nazwa wydawcy/dystrybutora Cambridge University Press,
Data publikacji, dystrybucji/powstania dokumentu 1997
Miejsce produkcji (Cambridge :
Nazwa producenta University Press).
300 ## - STREFA OPISU FIZYCZNEGO
Objętość 158 pp :
Inne cechy fizyczne ill., draw., photos ;
Rozmiary 28 cm.
650 #9 - HASŁO PRZEDMIOTOWE W FORMIE NAZWY OGÓLNEJ LUB JEDNOSTKOWEJ
Nazwa ogólna lub geograficzna English language
655 ## - TERMIN INDEKSOWY - OKREŚLENIE RODZAJU/FORMY DOKUMENTU
Określenie rodzaju/formy dokumentu Textbooks for foreigners
700 1# - HASŁO DODATKOWE - NAZWA OSOBOWA
Nazwa osobowa HICKS, Diana
700 1# - HASŁO DODATKOWE - NAZWA OSOBOWA
Nazwa osobowa HICKS, Diana.
Określenie związku między hasłem a opisywanym materiałem co-auth.
700 1# - HASŁO DODATKOWE - NAZWA OSOBOWA
Nazwa osobowa SZWAJ, Małgorzata
942 ## - DODATKOWE ELEMENTY (KOHA)
Typ dokumentu Książka
Egzemplarze
Wycofany Status egzemplarza Uszkodzony Dostępność Lokalizacja stała Lokalizacja bieżąca Miejsce przechowywania Sygnatura Kod kreskowy Typ dokumentu
      Dostępny Biblioteka Politechniki Koszalińskiej Biblioteka Politechniki Koszalińskiej Wypożyczalnia Językowa KA 5513 09087156 Książka
© 2023 Biblioteka Politechniki Koszalińskiej :: KOHA